Manual of primary health centre (Record no. 494076)

000 -LEADER
fixed length control field 00343cam a22001097a 4500
008 - FIXED-LENGTH DATA ELEMENTS--GENERAL INFORMATION
fixed length control field 180718b1970 xxu||||| |||| 00| 0 eng d
082 ## - DEWEY DECIMAL CLASSIFICATION NUMBER
Classification number O14037x5442 M278
245 ## - TITLE STATEMENT
Title Manual of primary health centre
Statement of responsibility, etc. by Directorate of Public Health
260 ## - PUBLICATION, DISTRIBUTION, ETC.
Place of publication, distribution, etc. Nagpur
Name of publisher, distributor, etc. Government Press
Date of publication, distribution, etc. 1970
300 ## - PHYSICAL DESCRIPTION
Extent 220p.
700 ## - ADDED ENTRY--PERSONAL NAME
Personal name India.Directorate of Public Health
Holdings
Withdrawn status Lost status Damaged status Not for loan Permanent Location Current Location Date acquired Full call number Barcode Date last seen Price effective from Koha item type
        Indian Institute of Public Administration Indian Institute of Public Administration 2018-08-04 O14037x5442 M278 GG13511 2018-08-04 2018-08-04 GG

Powered by Koha